| 000 | 00457nam a2200145Ia 4500 | ||
|---|---|---|---|
| 008 | 170221s9999 xx 000 0 und d | ||
| 100 | _aAlexey V. Bataev | ||
| 245 | _aInnovative Forms of Remote Service in Russian Banks: Mobile Banking | ||
| 245 | _cAlexey V. Bataev | ||
| 260 | _bInternational Review of Management and Marketing | ||
| 260 | _cMay 2016 | ||
| 300 | _a5:2 | ||
| 650 | _xMarketing. | ||
| 856 | _uhttp://www.econjournals.com/index.php/irmm | ||
| 999 |
_c309929 _d309929 |
||